| 000 | 00951cam a2200301 4500 | ||
|---|---|---|---|
| 001 | M90388 | ||
| 008 | 090401t1997 xxu||||| |||| 00| 0 eng d | ||
| 035 | _a(Sirsi) u84849 | ||
| 041 | _aeng | ||
| 050 | _a690.207 | ||
| 110 |
_aRoyal Institution of Chartered Surveyors _94900 |
||
| 245 | _aMind the gap. | ||
| 260 |
_aLondon _bRICS _c1997 |
||
| 300 | _a16p. ; 30cm. | ||
| 350 | _a0 | ||
| 520 | _aReport on the rationale and expectation of the Building Surveying Division in the education and training of chartered building surveyors. | ||
| 650 | _aBUILDING SURVEYING DIVISION | ||
| 650 | _aBUILDING SURVEYORS | ||
| 650 | _aABOUT RICS-RICS MEMBERS | ||
| 650 | _aCAREERS, EDUCATION AND TRAINING | ||
| 650 | _aMIND THE GAP | ||
| 650 | _aSKILLS | ||
| 650 | _aCAREERS, EDUCATION AND TRAINING | ||
| 690 | _aMANAGEMENT-BUSINESS MANAGEMENT-PROFESSIONAL PRACTICE | ||
| 700 |
_aMole, Trevor _xChairman |
||
| 942 | _n0 | ||
| 948 | _c13/03/1998 | ||
| 999 |
_c96986 _d96986 |
||